000 00267nam a22001217a 4500
008 170622b xxu||||| |||| 00| 0 eng d
041 _aeng
080 _a94
100 _a18
101 _aSHH
245 _aTHE SOCIAL HISTORY OF ART
_cHAUSER.D
942 _2udc
_cBK
999 _c18725
_d18725